Practitioner's guide to clinical neuropsychology
Zapisane w:
| 1. autor: | |
|---|---|
| Format: | Książka |
| Język: | angielski |
| Wydane: |
Nueva York
Plenum Press
1994
|
| Seria: | Critical Issues in Neuropsychology
|
| Hasła przedmiotowe: | |
| Etykiety: |
Dodaj etykietę
Nie ma etykietki, Dołącz pierwszą etykiete!
|
MARC
| LEADER | 00000nam a2200000 a 4500 | ||
|---|---|---|---|
| 001 | UCY2187 | ||
| 003 | CL-VaPUC | ||
| 008 | 941014e19940000US |||||||||||||||||eng|d | ||
| 082 | 0 | 4 | |a 616.89 |b AND |2 21 |
| 100 | 0 | |a Anderson, Robert M |e author |9 330238 | |
| 245 | 1 | 0 | |a Practitioner's guide to clinical neuropsychology |
| 300 | |a 390 p | ||
| 942 | |c BK | ||
| 945 | |d 19941014 00:00:00 |a rbrito | ||
| 260 | |a Nueva York |b Plenum Press |c 1994 | ||
| 650 | 7 | |a NEUROPSIQUIATRIA |2 CL-VaPUC |9 312890 | |
| 650 | 7 | |a PSQUIATRIA |2 CL-VaPUC |9 330239 | |
| 650 | 7 | |a ENFERMEDADES MENTALES DIAGNOSTICO |2 CL-VaPUC |9 330240 | |
| 583 | |a last modification |c 19941014 00:00:00 |k Rodrigo Vera | ||
| 490 | 0 | |a Critical Issues in Neuropsychology | |
| 999 | |c 230663 |d 230661 | ||
| 952 | |0 0 |1 0 |4 0 |6 616_890000000000000_AND_1994 |7 0 |8 P |9 233090 |a BIBEDU |b BIBEDU |c BIBEDU_PB |d 2019-11-15 |i 3024504 |o 616.89 AND 1994 |p 3024504 |r 2019-11-15 |w 2019-11-15 |y BK |k PSI | ||